Tajemství života : [od početí k porodu] /

Autoři popisují cestu od otěhotnění k narození dítěte nejen slovem, ale i prostřednictvím názorných fotografií.

Hlavní autor: Nilsson, Lennart, 1922-2017
Další autoři: Hamberger, Lars, 1939-
Jazyk: Čeština
Vydáno: Praha : Svojtka a Vašut, 1996
Vydání: České vyd. 1.
Témata:
Externí odkaz: Digitalizovaný dokument
Fyzický popis: 209 s. : il. ; 25 cm
Knihy
Uloženo v:
LEADER 01883nam a2200505 a 4500
001 000087740
003 CZ BrMZK
005 20240514111943.0
007 ta
008 010907s1996 xr e f cze d
015 |a cnb000105915 
020 |a 80-7180-025-2 
035 |a (OCoLC)38296042 
040 |a BOA001  |b cze 
080 |a 611.013.2  |2 MRF 
080 |a 612.631  |2 MRF 
080 |a 611.013.3/.8  |2 MRF 
080 |a 612.646  |2 MRF 
080 |a 612.647  |2 MRF 
080 |a 618.29  |2 MRF 
080 |a 612.63  |2 MRF 
080 |a 618.2/.3  |2 MRF 
080 |a 618.4/.5  |2 MRF 
080 |a (0.062)  |2 MRF 
080 |a (084.12)  |2 MRF 
100 1 |a Nilsson, Lennart,  |d 1922-2017  |7 js20030407010  |4 pht 
245 1 0 |a Tajemství života :  |b [od početí k porodu] /  |c foto Lennart Nilsson, text Lars Hamberger 
250 |a České vyd. 1. 
260 |a Praha :  |b Svojtka a Vašut,  |c 1996 
300 |a 209 s. :  |b il. ;  |c 25 cm 
520 |a Autoři popisují cestu od otěhotnění k narození dítěte nejen slovem, ale i prostřednictvím názorných fotografií. 
500 |a Dostupné též v digitální podobě v aplikaci Kramerius 
650 0 7 |a oplodnění  |7 ph168743  |2 czenas 
650 0 7 |a lidské embryo  |7 ph125296  |2 czenas 
650 0 7 |a prenatální vývoj člověka  |7 ph125290  |2 czenas 
650 0 7 |a těhotenství  |7 ph126830  |2 czenas 
650 0 7 |a porod  |7 ph124364  |2 czenas 
655 7 |a populárně-naučné publikace  |7 fd131864  |2 czenas 
655 7 |a fotografické publikace  |7 fd132276  |2 czenas 
700 1 |a Hamberger, Lars,  |d 1939-  |7 mzk2003207358  |4 aut 
765 0 |t Ett barn blir till 
856 4 1 |u http://www.digitalniknihovna.cz/mzk/uuid/uuid:de84b3d0-142c-11ef-aef8-5ef3fc9bb22f  |y Digitalizovaný dokument  |x NDK 
910 |a BOA001  |b 2-1023.282 
990 |a BK 
996 6 |b 2610043087  |c 2-1023.282  |l MZK  |r Sklad / do 1 hodiny  |n 23  |p p.v.  |w 000087740  |u 000020  |a 1  |e BOA001  |j MZK50  |s P